00494nam a22001457a 4500041000800000082001500008100002900023245003700052260003500089300000800124650008000132942000700212952011200219999001700331 aENG a297.4bHUS aHusain Abdul Khusropanah aPractical Gnosis An Introduction aNew DelhibWelayat Publication a339 aPractical gnosis (spiritual practice, self-purification, wayfaring sulūk) cBK 00104070aHMIbHMIcGENd2025-12-16eDirectorg200.00l0o297.4 HUSp11004924r2025-12-16w2025-12-16yBK c23674d23674